Central Library OPAC University of Rajshahi

Scripta Hierosolymitana : (Record no. 32852)

MARC details
000 -LEADER
fixed length control field 00888nas a2200253 a 4500
001 - CONTROL NUMBER
control field 32852
003 - CONTROL NUMBER IDENTIFIER
rucl marc code BD-RjUL
005 - DATE AND TIME OF LATEST TRANSACTION
control field 20211209051914.0
008 - FIXED-LENGTH DATA ELEMENTS--GENERAL INFORMATION
fixed length control field 140428s1966 is x b 0 0eng d
035 ## - SYSTEM CONTROL NUMBER
System control number (BD-RjUL)32942
040 ## - CATALOGING SOURCE
Original cataloging agency DLC
Language of cataloging eng
Transcribing agency DLC
Modifying agency BD-RjUL
041 ## - LANGUAGE CODE
Language code of text/sound track or separate title eng
082 04 - DEWEY DECIMAL CLASSIFICATION NUMBER
Classification number 296
Author mark and year SCR V-17 1966
245 00 - TITLE STATEMENT
Title Scripta Hierosolymitana :
Remainder of title publications of the Hebrew University of Jerusalem.
Statement of responsibility, etc. edited by Alice Shalvi and A. A. Mendilow.
Number of part/section of a work Volume XVII :
Name of part/section of a work Studies in english language and literature.
260 ## - PUBLICATION, DISTRIBUTION, ETC. (IMPRINT)
Place of publication, distribution, etc. Jerusalem :
Name of publisher, distributor, etc. Magnes Press, Hebrew University,
Date of publication, distribution, etc. 1966.
300 ## - PHYSICAL DESCRIPTION
Pagination 317 p. ;
Size 24 cm.
504 ## - BIBLIOGRAPHY, ETC. NOTE
Bibliography, etc Includes bibliographical references.
650 #0 - SUBJECT ADDED ENTRY--TOPICAL TERM
Topical term or geographic name as entry element Hebrew periodicals.
9 (RLIN) 98529
700 1# - ADDED ENTRY--PERSONAL NAME
Personal name Shalvi, Alice.
Personal name Mendilow, A. A.
710 20 - ADDED ENTRY--CORPORATE NAME
Corporate name or jurisdiction name as entry element Universitah ha-`Ivrit bi-Yerushalayim.
9 (RLIN) 99565
942 ## - ADDED ENTRY ELEMENTS (KOHA)
Source of classification or shelving scheme Dewey Decimal Classification
Koha item type Books
Holdings
Lost status Source of classification or shelving scheme Damaged status Not for loan Collection code Permanent Location Current Location Shelving location Date acquired Source of acquisition Cost, normal purchase price Total Checkouts Full call number Date last seen Copy number Koha item type
  Dewey Decimal Classification   Not For Loan Non-fiction Central Library, University of Rajshahi Central Library, University of Rajshahi Reading Room   Sweets & Zeitlinger. 49.00   296 SCR V-17 1966 28/04/2014 C-1 Books